| 000 | 00648nam a2200229 a 4500 | ||
|---|---|---|---|
| 001 | BRL_198 | ||
| 005 | 20190320210630.0 | ||
| 008 | 750423s1964 mx-#######---#000-0#spa-# | ||
| 040 |
_aDLC _cMBU _dDLC |
||
| 041 | _aspa | ||
| 044 | _amx | ||
| 050 | 4 |
_aF1224 _b.G87 1964 |
|
| 100 | 1 |
_aGurría Lacroix, Jorge _d1917-1979 _923198 |
|
| 245 | 1 | 0 |
_aTrabajos sobre historia mexicana _cJorge Gurrìa Lacroix. |
| 260 |
_aMéxico _bINAH, Instituto Nacvional de Antropologia e Historia _c1964 |
||
| 300 |
_a167 p. _c22 cm. |
||
| 500 | _aEjemplar intonso | ||
| 500 | _aAu250 | ||
| 651 | 4 |
_aMéxico _xHistoriografía _923199 |
|
| 902 | _aGRL | ||
| 942 |
_2lcc _cB |
||
| 999 |
_c9011 _d9011 |
||